| 000 | 00471nam a22001577a 4500 | ||
|---|---|---|---|
| 008 | 240421b |||||||| |||| 00| 0 eng d | ||
| 020 | _a9789937874656 | ||
| 082 | _a624/T829d | ||
| 100 | _aThapa, Kamal Bahadur | ||
| 245 | _aDesign of masonry structure: for bachelor degree in civil engineering | ||
| 260 |
_aKathmandu: _bNational Book Center, _c2015. |
||
| 300 | _b184p.; ill. | ||
| 504 | _aBibliography: p.184 | ||
| 650 | _acivil engineering | ||
| 942 |
_2ddc _cISBN |
||
| 999 |
_c112714 _d112702 |
||